Pays des voyageurs de l'espace - Statistiques

Statistiques générales
  • Ce quiz a été pris 358 fois
  • Le résultat moyen est 23 sur 35
Statistiques - réponses
No. Pays dans l'espace % Correct
337 États-Unis
100%
10 France
99%
118 Union Sovietique / Russie
99%
11 Chine
98%
11 Allemagne
95%
11 Japon
95%
9 Canada
93%
1 Espagne
93%
2 Royaume-Uni
91%
1 Brésil
90%
7 Italie
89%
1 Inde
88%
1 Mexique
88%
1 Corée du sud
82%
1 Suède
81%
1 Pologne
76%
2 Belgique
75%
1 Suisse
73%
2 Pays-bas
71%
1 Danemark
64%
1 Autriche
63%
1 Ukraine
63%
1 Afrique du sud
62%
1 Hongrie
57%
1 Roumanie
53%
2 Bulgarie
46%
1 Arabie saoudite
43%
1 Kazakhstan
43%
1 Israel
42%
1 Slovaquie
40%
1 Cuba
29%
1 Malaisie
21%
1 Afghanistan
19%
1 Tchécoslovaquie
12%
1 Syrie
10%
Aucun quiz correspondant
Distribution des résultats
% des personnes avec chaque résultat
Percentile par nombre de réponses
Votre historique - résultats
Vous n’avez pas pris ce quiz